Explosives and blasting procedures manual / (Record no. 546454)
[ view plain ]
| 000 -LEADER | |
|---|---|
| fixed length control field | 00742pam a2200181 a 4500 |
| 082 00 - DEWEY DECIMAL CLASSIFICATION NUMBER | |
| Classification number | 624.152 |
| -- | 624.152 |
| Author Mark | DIC |
| -- | D |
| 100 1# - MAIN ENTRY--PERSONAL NAME | |
| Personal name | Dick, Richard A. |
| 9 (RLIN) | 42579 |
| 245 10 - TITLE STATEMENT | |
| Title | Explosives and blasting procedures manual / |
| Statement of responsibility, etc. | by Richard A. Dick, Larry R. Fletcher, and Dennis V. D'Andrea. |
| 260 ## - PUBLICATION, DISTRIBUTION, ETC. | |
| Place of publication, distribution, etc. | Washington, D.C. : |
| Name of publisher, distributor, etc. | U.S. Dept. of the Interior, Bureau of Mines : |
| -- | Supt. of Docs., U.S. G.P.O., |
| Date of publication, distribution, etc. | [1982] |
| 300 ## - PHYSICAL DESCRIPTION | |
| Extent | vi, 105 p. : |
| Other physical details | ill. ; |
| Dimensions | 28 cm. |
| 490 1# - SERIES STATEMENT | |
| Series statement | Information circular ; |
| 526 ## - STUDY PROGRAM INFORMATION NOTE | |
| Program name | 0 |
| Interest level | 0 |
| Reading level | 0 |
| Title point value | 624_152000000000000_DIC |
| 650 #0 - SUBJECT ADDED ENTRY--TOPICAL TERM | |
| Topical term or geographic name entry element | Blasting |
| General subdivision | Handbooks, manuals, etc. |
| 9 (RLIN) | 42580 |
| 650 #0 - SUBJECT ADDED ENTRY--TOPICAL TERM | |
| Topical term or geographic name entry element | Explosives |
| General subdivision | Handbooks, manuals, etc. |
| 9 (RLIN) | 42581 |
| 700 1# - ADDED ENTRY--PERSONAL NAME | |
| Personal name | D'Andrea, Dennis V. |
| 9 (RLIN) | 42582 |
| 700 1# - ADDED ENTRY--PERSONAL NAME | |
| Personal name | Fletcher, Larry R. |
| 9 (RLIN) | 42583 |
| 942 ## - ADDED ENTRY ELEMENTS (KOHA) | |
| Source of classification or shelving scheme | |
| Koha item type | Book |
| Withdrawn status | Lost status | Source of classification or shelving scheme | Damaged status | Not for loan | Permanent Location | Current Location | Date acquired | Total Checkouts | Full call number | Barcode | Date last seen | Price effective from | Koha item type |
|---|---|---|---|---|---|---|---|---|---|---|---|---|---|
| Military College of Engineering (MCE) | Military College of Engineering (MCE) | 06/12/2014 | 624.152 DIC | MCE-42446 | 11/16/2016 | 06/12/2014 | Book |
